000 00458nam a2200145 4500
999 _c11415
_d11415
008 181127b ||||| |||| 00| 0 eng d
022 _a
082 _aDPer 050 T48 Apr-June 2016 v. 187, n. 12-24
100 _932728
_aClinton, Bill.
245 _aRaj Panjabi:
_bhealth care hero/
_cBill Clinton.
260 _aHong Kong;
_bTime Asia,
_cc2016.
300 _av187 n16-17, page 19:
_billustrations;
_c27 cm.
650 0 _932729
_aCelebrities.
942 _2ddc
_cPER